|
|
|
|
| LEADER |
01756nam a2200397 a 4500 |
| 001 |
EBC1092752 |
| 003 |
MiAaPQ |
| 005 |
20200520144314.0 |
| 006 |
m o d | |
| 007 |
cr cn||||||||| |
| 008 |
120203s2013 nyua sb 001 0 eng d |
| 010 |
|
|
|z 2012004329
|
| 020 |
|
|
|z 9780415614771 (hb)
|
| 020 |
|
|
|z 9780415614788 (pb)
|
| 020 |
|
|
|a 9780203104514 (electronic bk.)
|
| 035 |
|
|
|a (MiAaPQ)EBC1092752
|
| 035 |
|
|
|a (Au-PeEL)EBL1092752
|
| 035 |
|
|
|a (CaPaEBR)ebr10632493
|
| 035 |
|
|
|a (CaONFJC)MIL417438
|
| 035 |
|
|
|a (OCoLC)820787701
|
| 040 |
|
|
|a MiAaPQ
|c MiAaPQ
|d MiAaPQ
|
| 050 |
|
4 |
|a HB74.P8
|b B33 2013
|
| 082 |
0 |
4 |
|a 330.01/9
|2 23
|
| 100 |
1 |
|
|a Baddeley, Michelle,
|d 1965-
|
| 245 |
1 |
0 |
|a Behavioural economics and finance
|h [electronic resource] /
|c Michelle Baddeley.
|
| 260 |
|
|
|a New York :
|b Routledge,
|c 2013.
|
| 300 |
|
|
|a xvi, 305 p. :
|b ill.
|
| 440 |
|
0 |
|a Routledge advanced texts in economics and finance ;
|v 18
|
| 504 |
|
|
|a Includes bibliographical references and index.
|
| 505 |
0 |
|
|a Introduction -- Foundations: psychology -- Foundations: neuroscience and neuroeconomics -- Learning -- Socially and identity -- Heuristics and biases -- Prospects and regrets -- Personality, moods and emotions -- Time and plans -- Bad habits -- Financial instability -- Behavioural macroeconomics, happiness and wellbeing.
|
| 533 |
|
|
|a Electronic reproduction. Ann Arbor, MI : ProQuest, 2015. Available via World Wide Web. Access may be limited to ProQuest affiliated libraries.
|
| 650 |
|
0 |
|a Economics
|x Psychological aspects.
|
| 650 |
|
0 |
|a Finance
|x Psychological aspects.
|
| 655 |
|
4 |
|a Electronic books.
|
| 710 |
2 |
|
|a ProQuest (Firm)
|
| 856 |
4 |
0 |
|u https://ebookcentral.proquest.com/lib/matrademy/detail.action?docID=1092752
|z Click to View
|